[Event "Ita op 1st"]
[Site "Ita"]
[Date "2022.02.13"]
[Round "6"]
[White "Ayala Ruiz, Miguel Angel"]
[Black "Amarilla Ettiene, Ezequiel"]
[Result "1-0"]
[WhiteElo "1618"]
[BlackElo "1382"]
[PlyCount "67"]
[EventDate "2022.02.11"]
[EventType "swiss"]
[EventRounds "7"]
[EventCountry "PAR"]
[SourceTitle "EXT 2023"]
[Source "ChessBase"]
[SourceDate "2022.10.05"]
[SourceVersion "1"]
[SourceVersionDate "2022.10.05"]
[SourceQuality "1"]

1. e4 d5 2. exd5 Nf6 3. d4 Nxd5 4. c4 Nb6 5. Nf3 Bf5 6. c5 Nd5 7. Qb3 b6 8. Nc3 e6 9. Ne5 a6 10. Bc4 Nxc3 11. bxc3 f6 12. Bxe6 fxe5 13. Bxf5 exd4 14. 0-0 Bxc5 15. cxd4 Bxd4 16. Re1+ Kf8 17. Ba3+ c5 18. Rad1 Nc6 19. Qe6 Qf6 20. Qe4 g6 21. Rxd4 gxf5 22. Qf3 Qxd4 23. Qxc6 Rb8 24. Bc1 f4 25. Qh6+ Kf7 26. Qe6+ Kf8 27. Qf5+ Kg8 28. Bxf4 Rf8 29. Qe6+ Rf7 30. Qg4+ Qg7 31. Re8+ Rf8 32. Qe6+ Qf7 33. Rxf8+ Kxf8 34. Bh6+ 1-0

[Event "Ita op 1st"]
[Site "Ita"]
[Date "2022.02.12"]
[Round "3"]
[White "Gonzalez, Augusto"]
[Black "Ayala Ruiz, Miguel Angel"]
[Result "0-1"]
[WhiteElo "1796"]
[BlackElo "1618"]
[PlyCount "118"]
[EventDate "2022.02.11"]
[EventType "swiss"]
[EventRounds "7"]
[EventCountry "PAR"]
[SourceTitle "EXT 2023"]
[Source "ChessBase"]
[SourceDate "2022.10.05"]
[SourceVersion "1"]
[SourceVersionDate "2022.10.05"]
[SourceQuality "1"]

1. c4 d5 2. cxd5 Qxd5 3. Nc3 Qd8 4. d4 e5 5. dxe5 Qxd1+ 6. Kxd1 Nc6 7. Nd5 Kd8 8. Bg5+ Nge7 9. f4 h6 10. Bxe7+ Bxe7 11. Nf3 Bf5 12. e3 a6 13. Bc4 Bc5 14. Ke2 Na5 15. Rac1 c6 16. Rhd1 Bd7 17. Nf6 gxf6 18. e6 Nxc4 19. Rxc4 fxe6 20. Rxc5 Ke7 21. b4 Rac8 22. e4 b6 23. Rc3 Rc7 24. e5 Rhc8 25. exf6+ Kxf6 26. Ne5 Be8 27. g4 h5 28. g5+ Kf5 29. Ke3 c5 30. Nc4 Rb8 31. Nd6+ Kg6 32. Rb1 Rd8 33. Nxe8 Rxe8 34. bxc5 bxc5 35. Ke4 Rc6 36. Rbc1 Rec8 37. Rc4 R8c7 38. Ke5 h4 39. a4 Rf7 40. Ke4 Rf5 41. a5 Rc8 42. Rd1 Rcf8 43. Ke3 e5 44. Rd6+ Kh5 45. g6 exf4+ 46. Kf3 Rb8 47. g7 Rg8 48. Rxa6 Rxg7 49. Rc6 Rb7 50. R6xc5 Rb3+ 51. Ke4 Rxc5 52. Rxc5+ Kg4 53. h3+ Rxh3 54. Rc1 Re3+ 55. Kd4 Ra3 56. Rg1+ Kf5 57. Rh1 h3 58. Kc4 Rxa5 59. Kb4 Re5 0-1

[Event "Florianopolis op 8th"]
[Site "Florianopolis"]
[Date "2022.01.29"]
[Round "9"]
[White "Urquiza, Marcello de Albuque"]
[Black "Ayala Ruiz, Miguel Angel"]
[Result "0-1"]
[WhiteElo "2099"]
[BlackElo "1618"]
[PlyCount "116"]
[EventDate "2022.01.24"]
[EventType "swiss"]
[EventRounds "10"]
[EventCountry "BRA"]
[SourceTitle "EXT 2023"]
[Source "ChessBase"]
[SourceDate "2022.10.05"]
[SourceVersion "1"]
[SourceVersionDate "2022.10.05"]
[SourceQuality "1"]

1. e4 c5 2. Nf3 e6 3. d4 cxd4 4. Nxd4 a6 5. c4 Nf6 6. Nc3 Qc7 7. a3 b6 8. Be3 Bb7 9. f3 Be7 10. Rc1 0-0 11. Be2 d6 12. 0-0 Nbd7 13. Qd2 Rfc8 14. b4 Rab8 15. Rfd1 Qd8 16. Qa2 Ba8 17. Nb3 Bb7 18. Bf4 Qc7 19. Kh1 Ne5 20. Bf1 Ng6 21. Be3 Nd7 22. Qf2 Bh4 23. Qg1 Be7 24. a4 h5 25. a5 Ba8 26. axb6 Nxb6 27. c5 dxc5 28. Bxa6 Rd8 29. Nxc5 Rxd1 30. Rxd1 Qe5 31. Bd4 Qg5 32. Qe3 Qxe3 33. Bxe3 Bf6 34. Ne2 Ne5 35. b5 Nbc4 36. Bf4 g5 37. Bc1 Be7 38. Nd7 Rd8 39. Nc3 Rxd7 40. Rxd7 Nxd7 41. Na4 Ndb6 42. Nxb6 Nxb6 43. Be3 Nc4 44. Bd4 Bd8 45. Bc8 Nb6 46. Ba6 Kf8 47. Kg1 Ke7 48. Kf2 Kd6 49. Ke3 e5 50. Bc3 Nd7 51. Bb4+ Nc5 52. Kd2 Bb6 53. Kc3 Kc7 54. Kc4 Nxa6 55. bxa6 Kc6 56. g4 hxg4 57. fxg4 Bg1 58. Be7 Kb6 0-1

[Event "Pan American-ch Hybrid U18 31st"]
[Site "Tornelo INT"]
[Date "2021.09.04"]
[Round "8"]
[White "Titichoca Daza, Daniel Henry"]
[Black "Ayala Ruiz, Miguel Angel"]
[Result "1/2-1/2"]
[WhiteElo "2061"]
[BlackElo "1603"]
[PlyCount "78"]
[EventDate "2021.09.04"]
[EventType "swiss"]
[EventRounds "9"]
[EventCountry "NET"]
[SourceTitle "EXT 2023"]
[Source "ChessBase"]
[SourceDate "2022.10.05"]
[SourceVersion "1"]
[SourceVersionDate "2022.10.05"]
[SourceQuality "1"]

1. e4 c5 2. Nf3 e6 3. d4 cxd4 4. Nxd4 a6 5. Nc3 Qc7 6. g3 Nf6 7. Bg2 Bb4 8. Bd2 0-0 9. 0-0 Nc6 10. Nb3 b6 11. f4 d5 12. e5 Nd7 13. g4 Bb7 14. g5 Rac8 15. Qg4 Nc5 16. Nxc5 Bxc5+ 17. Kh1 Nd4 18. Nd1 Nf5 19. Rc1 b5 20. Rf3 d4 21. Rh3 Bxg2+ 22. Qxg2 Rfd8 23. Nf2 Ne3 24. Bxe3 dxe3 25. Ne4 Ba7 26. Nf6+ Kf8 27. Rxh7 Rd2 28. Qe4 a5 29. Re1 Rxc2 30. Rh8+ Ke7 31. Ng8+ Rxg8 32. Rxg8 Rc1 33. Rxc1 Qxc1+ 34. Kg2 Qd2+ 35. Kh3 e2 36. Qb7+ Qd7 37. Qe4 Qd2 38. Qb7+ Qd7 39. Qe4 Qd2 1/2-1/2

[Event "Asuncion Fernando Memorial"]
[Site "Asuncion"]
[Date "2021.08.29"]
[Round "5"]
[White "Ayala Ruiz, Miguel Angel"]
[Black "Torales G, Ivan Alejandro B"]
[Result "1-0"]
[WhiteElo "1603"]
[BlackElo "1061"]
[PlyCount "83"]
[EventDate "2021.08.27"]
[EventType "swiss"]
[EventRounds "7"]
[EventCountry "PAR"]
[SourceTitle "EXT 2022"]
[Source "ChessBase"]
[SourceDate "2021.10.06"]
[SourceVersion "1"]
[SourceVersionDate "2021.10.06"]
[SourceQuality "1"]

1. e4 d5 2. exd5 Nf6 3. d4 Nxd5 4. Nf3 Nc6 5. c4 Nf6 6. d5 Nb8 7. Bg5 Bg4 8. Be2 Nbd7 9. 0-0 g6 10. Nc3 Bg7 11. Qd2 0-0 12. Rad1 Bxf3 13. Bxf3 Ne5 14. Be2 Qd6 15. Qf4 Nh5 16. Bxh5 gxh5 17. Qh4 Qg6 18. Kh1 Bh6 19. Bxh6 Qxh6 20. Qxe7 Rae8 21. Qxc7 Ng4 22. Qg3 f5 23. d6 h4 24. Qf3 h3 25. Qxh3 Qe6 26. c5 Qc4 27. Qg3 h5 28. h3 f4 29. Qh4 Nf6 30. Qg5+ Kh8 31. Nd5 Nh7 32. Qxh5 f3 33. Nf6 fxg2+ 34. Kxg2 Rg8+ 35. Nxg8 Rxg8+ 36. Kh1 Qe4+ 37. f3 Qc4 38. Qe5+ Rg7 39. d7 Qc2 40. d8Q+ Nf8 41. Qxf8+ Kh7 42. Qh5# 1-0

[Event "Villarrica op 1st"]
[Site "Villarrica"]
[Date "2021.03.01"]
[Round "7"]
[White "Recalde, Ariel"]
[Black "Ayala Ruiz, Miguel Angel"]
[Result "0-1"]
[WhiteElo "1894"]
[BlackElo "1493"]
[PlyCount "66"]
[EventDate "2021.02.27"]
[EventType "swiss"]
[EventRounds "7"]
[EventCountry "PAR"]
[SourceTitle "EXT 2022"]
[Source "ChessBase"]
[SourceDate "2021.10.06"]
[SourceVersion "1"]
[SourceVersionDate "2021.10.06"]
[SourceQuality "1"]

1. Nf3 Nf6 2. c4 e6 3. g3 Be7 4. Bg2 d5 5. 0-0 0-0 6. d4 b6 7. Nc3 Bb7 8. cxd5 exd5 9. Bf4 a6 10. Rc1 Nbd7 11. Ne5 Rc8 12. Qb3 Nb8 13. Bh3 Nc6 14. Bxc8 Qxc8 15. Nxc6 Bxc6 16. e4 dxe4 17. Kg2 Qf5 18. d5 Bd7 19. f3 exf3+ 20. Rxf3 Qh3+ 21. Kh1 Bf5 22. Qc4 Ng4 23. Qe2 Bc5 24. Bxc7 Bd7 25. Qg2 Qh5 26. Rf4 Ne3 27. Qe4 Bf5 28. Rxf5 Nxf5 29. Qg2 Ne3 30. Qe2 Ng4 31. d6 Nf2+ 32. Kg2 Qh3+ 33. Kf3 Qd7 0-1

[Event "Villarrica op 1st"]
[Site "Villarrica"]
[Date "2021.02.28"]
[Round "5"]
[White "Ayala Ruiz, Miguel Angel"]
[Black "Oviedo Acosta, Paula"]
[Result "1-0"]
[WhiteElo "1493"]
[BlackElo "1659"]
[PlyCount "63"]
[EventDate "2021.02.27"]
[EventType "swiss"]
[EventRounds "7"]
[EventCountry "PAR"]
[SourceTitle "EXT 2022"]
[Source "ChessBase"]
[SourceDate "2021.10.06"]
[SourceVersion "1"]
[SourceVersionDate "2021.10.06"]
[SourceQuality "1"]

1. e4 c5 2. Nf3 e6 3. d4 cxd4 4. Nxd4 a6 5. Bd3 Bc5 6. Nb3 Be7 7. Nc3 d6 8. 0-0 Nf6 9. Bd2 Nbd7 10. Kh1 0-0 11. f4 b5 12. a3 Bb7 13. Qf3 Qc7 14. Rae1 Rfe8 15. Qh3 e5 16. f5 Nf8 17. Bg5 N8d7 18. Bd2 Rac8 19. Qf3 Qb8 20. Qh3 Qa8 21. Na5 Nc5 22. Nxb7 Qxb7 23. Bg5 Ncd7 24. Bd2 Nb6 25. Bg5 Nc4 26. Bxf6 Bxf6 27. Bxc4 Rxc4 28. Nd5 Rxc2 29. Nxf6+ gxf6 30. Qh6 Kh8 31. Qxf6+ Kg8 32. Rf3 1-0

[Event "PAR-ch sf"]
[Site "Asuncion"]
[Date "2020.03.08"]
[Round "7"]
[White "Gonzalez, Augusto"]
[Black "Ayala Ruiz, Miguel Angel"]
[Result "1-0"]
[WhiteElo "1792"]
[BlackElo "1471"]
[PlyCount "49"]
[EventDate "2020.03.06"]
[EventType "swiss"]
[EventRounds "7"]
[EventCountry "PAR"]
[SourceTitle "CBM 195 Extra"]
[Source "ChessBase"]
[SourceDate "2020.05.31"]
[SourceVersion "1"]
[SourceVersionDate "2020.05.31"]
[SourceQuality "1"]

1. d4 d5 2. c4 e6 3. Nc3 Nf6 4. cxd5 exd5 5. Bg5 Nbd7 6. e3 c6 7. Bd3 Be7 8. Nf3 0-0 9. 0-0 Re8 10. Qc2 h6 11. Bh4 Ne4 12. Bxe7 Qxe7 13. Bxe4 dxe4 14. Nd2 f5 15. Rae1 Qh4 16. f3 Nf6 17. Nc4 exf3 18. gxf3 f4 19. e4 Bh3 20. e5 Rad8 21. Qg6 Bxf1 22. exf6 Qg5+ 23. Qxg5 hxg5 24. Rxe8+ Rxe8 25. f7+ 1-0

[Event "PAR-ch sf"]
[Site "Asuncion"]
[Date "2019.09.12"]
[Round "9"]
[White "Oviedo Acosta, Paula"]
[Black "Ayala Ruiz, Miguel Angel"]
[Result "1/2-1/2"]
[WhiteElo "1407"]
[BlackElo "1513"]
[PlyCount "92"]
[EventDate "2019.09.06"]
[EventType "swiss"]
[EventRounds "9"]
[EventCountry "PAR"]
[SourceTitle "EXT 2020"]
[Source "ChessBase"]
[SourceDate "2019.10.17"]
[SourceVersion "1"]
[SourceVersionDate "2019.10.17"]
[SourceQuality "1"]

1. e4 c5 2. Nf3 e6 3. d4 cxd4 4. Nxd4 a6 5. c4 Nf6 6. Nc3 Qc7 7. Be3 b6 8. Bd3 Be7 9. 0-0 Bb7 10. a3 d6 11. Rc1 Nbd7 12. Qe2 Nc5 13. f3 Nxd3 14. Qxd3 Nd7 15. Kh1 Ne5 16. Qe2 Qxc4 17. Bg1 Qxe2 18. Ncxe2 Kd7 19. Nc3 b5 20. Rc2 Rac8 21. h3 h5 22. f4 Nc6 23. Rd2 Rhd8 24. Nc2 Ke8 25. Ne3 Bf6 26. Ne2 Na5 27. f5 Nc4 28. Nxc4 Rxc4 29. fxe6 fxe6 30. Nf4 Rxe4 31. Nxh5 Be5 32. Bb6 Rc8 33. Rdf2 Rh4 34. Nf4 Kd7 35. Kg1 Bxf4 36. Rxf4 Rxf4 37. Rxf4 Rc1+ 38. Kh2 Ke7 39. Rg4 Kf7 40. Bd4 e5 41. Bc3 g6 42. Kg3 Rf1 43. Rh4 Ke6 44. Rh7 Rf7 45. Rh8 d5 46. Re8+ Re7 1/2-1/2

[Event "PAR-ch sf"]
[Site "Asuncion"]
[Date "2019.09.11"]
[Round "8"]
[White "Ayala Ruiz, Miguel Angel"]
[Black "Britez, G Jorge A"]
[Result "0-1"]
[WhiteElo "1513"]
[BlackElo "1808"]
[PlyCount "120"]
[EventDate "2019.09.06"]
[EventType "swiss"]
[EventRounds "9"]
[EventCountry "PAR"]
[SourceTitle "EXT 2020"]
[Source "ChessBase"]
[SourceDate "2019.10.17"]
[SourceVersion "1"]
[SourceVersionDate "2019.10.17"]
[SourceQuality "1"]

1. e4 c5 2. d4 cxd4 3. c3 dxc3 4. Nxc3 a6 5. Bc4 e6 6. Nf3 Nc6 7. 0-0 b5 8. Bb3 Bb7 9. Qe2 Nge7 10. Bg5 h6 11. Be3 Ng6 12. Rfd1 Be7 13. Nd5 exd5 14. exd5 Na5 15. d6 Nxb3 16. dxe7 Qxe7 17. axb3 0-0 18. Nd4 Qe4 19. f3 Qe5 20. Qf2 Rfe8 21. Re1 Qf6 22. Rad1 Re7 23. b4 Rae8 24. Nb3 d6 25. Bd4 Rxe1+ 26. Rxe1 Rxe1+ 27. Qxe1 Qe6 28. Qd1 Qd5 29. Na5 Ba8 30. Qd2 h5 31. Qc3 Nf4 32. Qc8+ Kh7 33. Qc2+ g6 34. Bc3 Qd3 35. Qxd3 Nxd3 36. Nb3 g5 37. Nd4 Kg6 38. Kf1 Nf4 39. g3 Ne6 40. Kf2 Nxd4 41. Bxd4 Kf5 42. Ke3 g4 43. f4 Ke6 44. Bc3 Kd5 45. Kd3 Bb7 46. b3 Bc8 47. Bd4 Bf5+ 48. Ke3 Bc2 49. Ba7 Bxb3 50. Bb8 f5 51. Bc7 Bc2 52. Bb8 Be4 53. Bc7 Bh1 54. Bb8 Be4 55. Bc7 Bf3 56. Bb8 Bg2 57. Bc7 Be4 58. Bb8 a5 59. bxa5 Kc5 60. Bc7 b4 0-1

[Event "PAR-ch sf"]
[Site "Asuncion"]
[Date "2019.09.08"]
[Round "5"]
[White "Ayala Ruiz, Miguel Angel"]
[Black "Heinechen, John"]
[Result "0-1"]
[WhiteElo "1513"]
[BlackElo "1982"]
[PlyCount "72"]
[EventDate "2019.09.06"]
[EventType "swiss"]
[EventRounds "9"]
[EventCountry "PAR"]
[SourceTitle "EXT 2020"]
[Source "ChessBase"]
[SourceDate "2019.10.17"]
[SourceVersion "1"]
[SourceVersionDate "2019.10.17"]
[SourceQuality "1"]

1. e4 c5 2. d4 cxd4 3. c3 dxc3 4. Nxc3 Nc6 5. Nf3 e6 6. Bc4 a6 7. 0-0 Nge7 8. Bg5 f6 9. Bf4 Ng6 10. Bg3 b5 11. Bb3 Bb7 12. Qe2 Na5 13. Bc2 Nc4 14. Bb3 Rc8 15. Rfd1 Bb4 16. Rac1 0-0 17. h4 Qe7 18. h5 Nge5 19. Nxe5 fxe5 20. Bxc4 Rxc4 21. Bxe5 Bxc3 22. Rxc3 Rxe4 23. Re3 Rxe3 24. Qxe3 Bd5 25. h6 Rf5 26. Bxg7 Qg5 27. Qxg5 Rxg5 28. g3 Rh5 29. f3 Rh1+ 30. Kxh1 Bxf3+ 31. Kg1 Bxd1 32. Kf2 d6 33. Ke3 Kf7 34. b4 e5 35. a3 Ke6 36. Bf8 d5 0-1

[Event "Asuncion DTA op 6th"]
[Site "Asuncion"]
[Date "2019.08.05"]
[Round "7"]
[White "Ayala Ruiz, Miguel Angel"]
[Black "Valdez Oliva, Jose Fabian"]
[Result "1-0"]
[WhiteElo "1489"]
[BlackElo "1389"]
[PlyCount "43"]
[EventDate "2019.08.01"]
[EventType "swiss"]
[EventRounds "7"]
[EventCountry "PAR"]
[SourceTitle "EXT 2020"]
[Source "ChessBase"]
[SourceDate "2019.10.17"]
[SourceVersion "1"]
[SourceVersionDate "2019.10.17"]
[SourceQuality "1"]

1. e4 c5 2. d4 cxd4 3. c3 Nf6 4. e5 Nd5 5. cxd4 d6 6. Nf3 Bg4 7. Be2 Qa5+ 8. Bd2 Qb6 9. Nc3 Nb4 10. 0-0 N8c6 11. Be3 Qd8 12. a3 dxe5 13. axb4 Bxf3 14. Bxf3 Nxd4 15. Bxb7 Rb8 16. Rxa7 Qb6 17. Qa4+ Kd8 18. Bxd4 exd4 19. Bc6 e6 20. Rd7+ Kc8 21. Ne4 Bxb4 22. Rc1 1-0

[Event "Asuncion DTA op 6th"]
[Site "Asuncion"]
[Date "2019.08.01"]
[Round "1"]
[White "Ayala Ruiz, Miguel Angel"]
[Black "Alarcon, Jose"]
[Result "0-1"]
[WhiteElo "1489"]
[BlackElo "2082"]
[PlyCount "88"]
[EventDate "2019.08.01"]
[EventType "swiss"]
[EventRounds "7"]
[EventCountry "PAR"]
[SourceTitle "EXT 2020"]
[Source "ChessBase"]
[SourceDate "2019.10.17"]
[SourceVersion "1"]
[SourceVersionDate "2019.10.17"]
[SourceQuality "1"]

1. e4 g6 2. Nf3 c5 3. d4 cxd4 4. c3 Bg7 5. cxd4 d5 6. exd5 Nf6 7. Bb5+ Nbd7 8. 0-0 0-0 9. d6 exd6 10. Bf4 Nb6 11. Re1 Bf5 12. Nc3 Rc8 13. Rc1 a6 14. Bd3 Be6 15. b3 Nfd5 16. Nxd5 Nxd5 17. Rxc8 Bxc8 18. Bg5 Qa5 19. Qd2 Qb6 20. Bh6 Bg4 21. Bxg7 Kxg7 22. Be4 Nf6 23. Qf4 Re8 24. Bb1 Bxf3 25. Rxe8 Nxe8 26. Qxf3 Qxd4 27. Qd3 Qc5 28. Qc2 Qxc2 29. Bxc2 d5 30. f3 Kf6 31. f4 Ke6 32. Kf2 Kd6 33. Ke3 Kc5 34. f5 Nd6 35. fxg6 fxg6 36. a3 Nf7 37. h3 Kd6 38. Kd4 Nd8 39. Bd3 Ne6+ 40. Ke3 Ke5 41. g3 Ng5 42. h4 Ne4 43. Bxe4 dxe4 44. a4 a5 0-1

[Event "Coronel Oviedo op 5th"]
[Site "Coronel Oviedo"]
[Date "2019.07.13"]
[Round "5"]
[White "Heinechen, John"]
[Black "Ayala Ruiz, Miguel Angel"]
[Result "1-0"]
[WhiteElo "1999"]
[BlackElo "1492"]
[PlyCount "43"]
[EventDate "2019.07.11"]
[EventType "swiss"]
[EventRounds "7"]
[EventCountry "PAR"]
[SourceTitle "EXT 2020"]
[Source "ChessBase"]
[SourceDate "2019.10.17"]
[SourceVersion "1"]
[SourceVersionDate "2019.10.17"]
[SourceQuality "1"]

1. e4 c5 2. Nf3 e6 3. d4 cxd4 4. Nxd4 a6 5. Bd3 Nf6 6. 0-0 Qc7 7. Nc3 Nc6 8. Nb3 b5 9. f4 d6 10. Bd2 Bb7 11. Qf3 Be7 12. Rae1 b4 13. Nd1 Rc8 14. Qg3 Nh5 15. Qh3 Nf6 16. g4 e5 17. g5 Nd7 18. Ne3 exf4 19. Nd5 Qd8 20. g6 fxg6 21. Nxf4 0-0 22. Bc4+ 1-0

[Event "ARG-ch sf U300 City"]
[Site "Posadas"]
[Date "2019.06.16"]
[Round "4.9"]
[White "Ayala Ruiz, Miguel Angel"]
[Black "Zaldivar, Patricio"]
[Result "0-1"]
[WhiteElo "1501"]
[BlackElo "1813"]
[PlyCount "90"]
[EventDate "2019.06.15"]
[EventType "swiss"]
[EventRounds "6"]
[EventCountry "ARG"]
[SourceTitle "EXT 2024"]
[Source "ChessBase"]
[SourceDate "2023.10.10"]
[SourceVersion "1"]
[SourceVersionDate "2023.10.10"]
[SourceQuality "1"]

1. e4 c5 2. d4 cxd4 3. c3 d3 4. Bxd3 d6 5. c4 Nf6 6. h3 g6 7. Nf3 Nc6 8. Nc3 Bg7 9. Be3 0-0 10. Rc1 Nd7 11. 0-0 Nc5 12. Bb1 Bd7 13. Qe2 b6 14. Rfd1 Rc8 15. Nd5 h6 16. b4 Nb7 17. a3 e6 18. Nc3 Qe7 19. Qd2 Kh7 20. Nb5 Ne5 21. Nxe5 Bxb5 22. cxb5 dxe5 23. Rxc8 Rxc8 24. Qd7 Rc7 25. Qxe7 Rxe7 26. Kf1 f5 27. f3 f4 28. Bc1 Kg8 29. Ke2 Kf7 30. Bb2 Rc7 31. Rd2 Kf6 32. Ba2 Bf8 33. Bb3 Nd6 34. Kf2 Nxb5 35. Rd8 Be7 36. Rd2 Bf8 37. Rd8 Ke7 38. Rd2 Bg7 39. g3 fxg3+ 40. Kxg3 g5 41. h4 Nd4 42. Bd1 Bf6 43. h5 Rc8 44. a4 Rd8 45. b5 Nf5+ 0-1

[Event "South America-ch U20"]
[Site "Asuncion"]
[Date "2019.05.16"]
[Round "8"]
[White "Avalos Sanabria, Augusto Alfredo"]
[Black "Ayala Ruiz, Miguel Angel"]
[Result "1-0"]
[WhiteElo "1474"]
[BlackElo "1444"]
[PlyCount "117"]
[EventDate "2019.05.11"]
[EventType "swiss"]
[EventRounds "9"]
[EventCountry "PAR"]
[SourceTitle "CBM 190 Extra"]
[Source "ChessBase"]
[SourceDate "2019.07.15"]
[SourceVersion "1"]
[SourceVersionDate "2019.07.15"]
[SourceQuality "1"]

1. e4 c5 2. Nf3 e6 3. d4 cxd4 4. Nxd4 a6 5. c4 Nf6 6. Nc3 Qc7 7. Be3 Bb4 8. f3 b6 9. Qb3 Be7 10. Be2 d6 11. f4 Bb7 12. Qc2 Nbd7 13. b4 0-0 14. 0-0 Rac8 15. Rac1 Rfe8 16. Rf3 d5 17. cxd5 exd5 18. Nxd5 Nxd5 19. exd5 Qxc2 20. Rxc2 Bxd5 21. Rxc8 Rxc8 22. Rg3 Bxb4 23. Bxa6 Ra8 24. Bb5 Nf6 25. Nc2 Bd6 26. a4 Bb3 27. Ne1 Nd5 28. Bxb6 Bxa4 29. Bxa4 Nxb6 30. Bb3 Ra1 31. Kf1 Bxf4 32. Rf3 Bd2 33. Bxf7+ Kh8 34. Rd3 Rxe1+ 35. Kf2 g6 36. Rxd2 Re7 37. Ba2 Kg7 38. g4 Nd7 39. g5 Nc5 40. Rd5 Ne4+ 41. Kf3 Nc3 42. Ra5 Re2 43. Ra7+ Kf8 44. Ra8+ Ke7 45. Ra7+ Kd6 46. Bg8 Rxh2 47. Bxh7 Rh5 48. Kg4 Nd5 49. Bxg6 Rh1 50. Be4 Rg1+ 51. Kh5 Nf4+ 52. Kh6 Ne6 53. g6 Rg4 54. Bf3 Rf4 55. Bh5 Rf8 56. Kh7 Rf5 57. Bg4 Nf8+ 58. Kg7 Ne6+ 59. Kh6 1-0

[Event "South America-ch U20"]
[Site "Asuncion"]
[Date "2019.05.12"]
[Round "2"]
[White "Araoz Andrade, Ivan Alexander"]
[Black "Ayala Ruiz, Miguel Angel"]
[Result "1-0"]
[WhiteElo "1843"]
[BlackElo "1444"]
[PlyCount "49"]
[EventDate "2019.05.11"]
[EventType "swiss"]
[EventRounds "9"]
[EventCountry "PAR"]
[SourceTitle "CBM 190 Extra"]
[Source "ChessBase"]
[SourceDate "2019.07.15"]
[SourceVersion "1"]
[SourceVersionDate "2019.07.15"]
[SourceQuality "1"]

1. e4 c5 2. Nf3 e6 3. d4 cxd4 4. Nxd4 a6 5. Bd3 Nf6 6. 0-0 Qc7 7. Qe2 Nc6 8. Nxc6 bxc6 9. e5 Nd5 10. a3 Be7 11. c4 Nb6 12. Nc3 c5 13. f4 f6 14. Qh5+ Kf8 15. exf6 Bxf6 16. f5 Qe5 17. Bf4 Qd4+ 18. Kh1 e5 19. Rad1 g6 20. Bh6+ Ke7 21. fxg6 hxg6 22. Qxg6 Qh4 23. Rxf6 Rxh6 24. Qg7+ Kd8 25. Qf8+ 1-0

[Event "South America-ch U20"]
[Site "Asuncion"]
[Date "2019.05.12"]
[Round "3"]
[White "Ayala Ruiz, Miguel Angel"]
[Black "Orrego Palermo, Marcelo Andres"]
[Result "1-0"]
[WhiteElo "1444"]
[BlackElo "1632"]
[PlyCount "91"]
[EventDate "2019.05.11"]
[EventType "swiss"]
[EventRounds "9"]
[EventCountry "PAR"]
[SourceTitle "CBM 190 Extra"]
[Source "ChessBase"]
[SourceDate "2019.07.15"]
[SourceVersion "1"]
[SourceVersionDate "2019.07.15"]
[SourceQuality "1"]

1. e4 d5 2. exd5 Qxd5 3. Nc3 Qd6 4. d4 Nf6 5. Nf3 a6 6. Bc4 b5 7. Bb3 Bb7 8. 0-0 e6 9. Bg5 Nbd7 10. Qe2 c5 11. dxc5 Qxc5 12. Rad1 Bd6 13. Bxe6 fxe6 14. Qxe6+ Be7 15. Bxf6 Nxf6 16. Ne5 Rf8 17. Rd7 Bc8 18. Rxe7+ Qxe7 19. Qc6+ Nd7 20. Nxd7 Qxd7 21. Qxa8 Kf7 22. Qd5+ Qxd5 23. Nxd5 Be6 24. Nc7 Bxa2 25. b3 Rc8 26. Nxa6 Rxc2 27. Nb4 Rb2 28. Nxa2 Rxa2 29. Rb1 b4 30. g4 Kf6 31. Kg2 Rc2 32. Re1 Rb2 33. Re3 h6 34. Kg3 Rb1 35. Kf4 Rb2 36. Rf3 Re2 37. Kg3+ Kg6 38. Rf4 h5 39. h3 hxg4 40. hxg4 Rb2 41. Rxb4 Kf6 42. Rf4+ Ke5 43. b4 g6 44. f3 Rb1 45. Re4+ Kf6 46. Kf4 1-0

[Event "PAR-ch qual1"]
[Site "Encarnacion"]
[Date "2019.03.03"]
[Round "5"]
[White "Oviedo Acosta, Paula"]
[Black "Ayala Ruiz, Miguel Angel"]
[Result "1-0"]
[WhiteElo "1593"]
[BlackElo "1372"]
[PlyCount "73"]
[EventDate "2019.03.01"]
[EventType "swiss"]
[EventRounds "7"]
[EventCountry "PAR"]
[SourceTitle "CBM 192 Extra"]
[Source "Chessbase"]
[SourceDate "2019.11.06"]
[SourceVersion "1"]
[SourceVersionDate "2019.11.06"]
[SourceQuality "1"]

1. d4 Nf6 2. Bf4 e6 3. e3 d5 4. Nf3 c5 5. Nbd2 Nc6 6. c3 cxd4 7. exd4 Nh5 8. Be3 Bd6 9. Bd3 g6 10. Bc2 f6 11. g3 e5 12. a3 Ng7 13. Bb3 Be7 14. 0-0 Nf5 15. Re1 e4 16. h4 Nxe3 17. Rxe3 Bg4 18. Nxe4 dxe4 19. Rxe4 Bf5 20. Re3 Kf8 21. d5 Nb8 22. Nd4 Bc8 23. Ne6+ Bxe6 24. Rxe6 Bd6 25. Qf3 Kg7 26. Rae1 Na6 27. Rxd6 Qxd6 28. Re6 Qd8 29. d6 Re8 30. Qxb7+ Kh6 31. Qxa6 Qb6 32. Qe2 Rxe6 33. Qxe6 Rd8 34. d7 Qxe6 35. Bxe6 Kg7 36. g4 Kf8 37. f4 1-0

[Event "PAR-ch U20"]
[Site "Asuncion"]
[Date "2019.02.24"]
[Round "6"]
[White "Allo Collante, Enrique"]
[Black "Ayala Ruiz, Miguel Angel"]
[Result "1-0"]
[WhiteElo "1551"]
[BlackElo "1364"]
[PlyCount "113"]
[EventDate "2019.02.21"]
[EventType "swiss"]
[EventRounds "7"]
[EventCountry "PAR"]
[SourceTitle "CBM 189 Extra"]
[Source "ChessBase"]
[SourceDate "2019.06.03"]
[SourceVersion "1"]
[SourceVersionDate "2019.06.03"]
[SourceQuality "1"]

1. d4 Nf6 2. Bf4 g6 3. e3 Bg7 4. Nf3 d6 5. c4 0-0 6. Nc3 b6 7. Be2 Bb7 8. d5 Nbd7 9. Rc1 Re8 10. e4 e5 11. Be3 h6 12. h3 Rf8 13. Qd2 Nc5 14. Qc2 Nh5 15. Nd2 Nf4 16. Bf1 f5 17. b4 Ncd3+ 18. Bxd3 Nxd3+ 19. Qxd3 f4 20. Nb3 fxe3 21. Qxe3 Kh7 22. Nd2 Rf7 23. Nf3 Qe7 24. Nb1 c6 25. dxc6 Bxc6 26. b5 Bb7 27. Nc3 Rc8 28. Qd3 Qc7 29. Nd5 Bxd5 30. Qxd5 Qd7 31. 0-0 Rcf8 32. Ne1 Qd8 33. Rd1 Qh4 34. Rd2 Rd7 35. Qc6 Qd8 36. Nd3 Rc7 37. Qd5 Rf6 38. Rfd1 Qc8 39. Nb2 Bf8 40. Qd3 Qe6 41. Rc2 Rf4 42. Qe2 Qc8 43. Nd3 Rff7 44. Nb4 Rcd7 45. Rd3 Qe8 46. Nd5 Bg7 47. Ra3 Bf8 48. Ra6 Qb8 49. Qd3 Qd8 50. Re2 Rb7 51. Qb3 Rbd7 52. Nb4 Qc8 53. Nc6 Qe8 54. Qa4 Qa8 55. Rxb6 Qe8 56. Ra6 Rb7 57. Rxa7 1-0